000 00433 a2200145 4500
082 _a624.183412 BEL
_bL-19, P-36
090 _c3070
_d3070
100 _aBELL, BRIAN J.
_943514
245 _aPRACTICAL PRESTRESSED CONCRETE DESIGN
250 _a1ST
260 _aLONDON
_bSIR ISSAAC PITMAN & SONS LTD
_c1964
500 _aCONCRETE DESIGN
526 _a0
_b0
_c0
_d624_183412000000000_BEL_L19_P3
942 _2ddc
_aMCE
_cBOOK
_k624.183412 BEL
999 _c547302
_d547302